| 000 | 00496 a2200193 4500 | ||
|---|---|---|---|
| 005 | 20260130161349.0 | ||
| 008 | 260129b |||||||| |||| 00| 0 eng d | ||
| 020 |
_a9789369678006 _cRs. 4595.00 |
||
| 040 | _aMAIN | ||
| 082 |
_a320.3 _bR137C |
||
| 100 | _aRanjan, Kumud | ||
| 245 | _aComparative politics | ||
| 260 |
_bScientific Book International _c2026 _aNew Delhi |
||
| 300 | _a246 | ||
| 650 | _aPolitical Science | ||
| 650 | _aPoltics Theory | ||
| 650 | _aPublic Policy | ||
| 942 | _cBK | ||
| 999 |
_c395156 _d395156 |
||